000 02022nam2a2200349 4500
001 RU\NLR\bibl\2002416
005 20260408091924.0
035 _a(NLR Aleph) 002068862
090 _a4734039
_c4734039
100 _a20130219d2009 |||y0rusy50 ca
101 0 _arus
102 _aRU
105 _ay |||||||||
200 1 _aХристианская символика
_eматериалы XVI Российской научной конференции памяти Святителя Макария
_f[сост.: Л.С. Кертанова, А.К. Крылов]
210 _d2009
_aБ. м.
215 _a624 с.
_cил.
300 _aПосвящается 600-летию Можайс. Лужец. Богородице-Рождеств. Ферапонтова монастыря
316 _aС автогр. 2-го сост.
_5NLR
320 _aБиблиогр. в конце ст.
461 0 _1001RU\NLR\bibl\114827
_12001#$aМакарьевские чтения$vВып. 16
_9638135
_cМожайск
_d2000
_fРед.-сост.: Л.С. Кертанова и др.
_nМожайск-Терра
_tМакарьевские чтения
_uhttps://webservices.nlr.ru/viewer/file?name=p000112430_002.jpg
_vВып. 16
606 1 _aРусская филология
_jСъезды, совещания и т.п.
_91533718
_3RU\NLR\auth\66969420
606 1 _aИскусство христианское
_jСъезды, совещания и т.п.
_91124808
_3RU\NLR\auth\66126475
606 1 _aСимволика
_jСъезды, совещания и т.п.
_xв искусстве
_91200904
_3RU\NLR\auth\66486090
686 _aШ041.2я431
686 _aЩ03(0)-3я431
686 _aЩ03(0)я431
711 1 2 _aРоссийская научная конференция памяти святителя Макария
_d16
_eМожайск
_f2009
_9347228
_3RU\NLR\AUTH\8810231133
801 0 _aRU
_bNLR
_c20130219
_gRCR
801 1 _aRU
_bNLR
_c20130219
942 _cBOOK
980 _aNB